Piosenki Nocnego Kochanka - nagła śmierć - Statystyki

Ogólne statystyki
  • Ten quiz został rozwiązany 71 razy
  • Średni wynik to 5 z 10
Answers on the Grid
Answers color-coded by a green-red scale on the quiz's grid according to % correct below.
Koń na Białym Rycerzu
Pisarz miłości
Slodkiego milego życia
Rapapara
Wojownicy Wódy
Tak Smakuje Życie
Dziewczyna z kebabem
Kryzysowa narzeczona
Zdrajca metalu
Cycki, Kebab, Amarena
Łabędź
Zaplątany
Smoki i gołe baby
Wóda zryje banie
Poniedziałek
Polibuda
Adelajda
Dżentelmeni metalu
Jak Aniola Glos
Mniej niż zero
Cudzesy
Okrutna, zła i podła
Tribjut
Młoda krew
 
Statystyki odpowiedzi
Odpowiedź % Poprawnych
Koń na Białym Rycerzu
88%
Zdrajca metalu
75%
Dziewczyna z kebabem
71%
Smoki i gołe baby
54%
Dżentelmeni metalu
52%
Cycki, Kebab, Amarena
50%
Cudzesy
44%
Poniedziałek
37%
Tribjut
37%
Zaplątany
37%
Nie znaleziono quizów pasujących do podanych kryteriów
Rozkład punktacji
Procent ludzi z każdym wynikiem
Percentyl według liczby udzielonych odpowiedzi
Twoja historia wyników
Nie rozwiązałeś tego quizu